Generación y uso de información edáfica geoposicionada en planificación agrícola /

Guardado en:
Autor Principal: Rollhauser, Juan Pablo.
Autor Corporativo: Universidad Nacional del Sur. Departamento de Agronomía.
Otros Autores: Bravo, Oscar Abel, (tutor.)
Formato: Libro
Idioma:Spanish
Publicado: Bahía Blanca, 2004.
Etiquetas: Agregar Etiqueta
Sin Etiquetas, Sea el primero en etiquetar este registro!
LEADER 00723nam a22001695a 4500
001 EEA.libagro007382
005 20180522115318.0
008 130809s2004####ag#a##########000#0#spa#d
082 0 4 |a 631.47 
100 1 |a Rollhauser, Juan Pablo. 
245 1 0 |a Generación y uso de información edáfica geoposicionada en planificación agrícola /  |c Juan Pablo Rollhauser. 
260 |a Bahía Blanca,  |c 2004. 
300 |a 39 h. :  |b il. ;  |c 30 cm. 
500 |a Trabajo de intensificación (Ingeniero Agrónomo) -- Universidad Nacional del Sur. Departamento de Agronomía, 2004. 
700 1 |a Bravo, Oscar Abel,  |e tutor. 
710 2 |a Universidad Nacional del Sur.  |b Departamento de Agronomía. 
859 |a AR-BbBCA  |b BIB. AGRONOMIA  |h 631.47  |i R752  |p 2005/4753